京王電鉄の駅(五十音順) - Statistics

General Stats
  • This quiz has been taken 40 times
  • The average score is 55 of 69
Answer Stats
頭文字 路線 駅名 % Correct
相模原線 京王多摩センター
100%
京王線 京王八王子
97%
京王線/高尾線 北野
93%
高尾線 高尾
93%
京王線 千歳烏山
93%
京王線/相模原線 調布
93%
京王線 府中
93%
京王線/井の頭線 明大前
93%
井の頭線 井の頭公園
90%
相模原線 京王永山
90%
相模原線 京王よみうりランド
90%
京王線 国領
90%
京王線/京王新線 笹塚
90%
京王線 下高井戸
90%
京王線/京王新線 新宿
90%
高尾線 高尾山口
90%
井の頭線 永福町
86%
井の頭線 吉祥寺
86%
相模原線 京王稲田堤
86%
高尾線 京王片倉
86%
京王線 桜上水
86%
京王線/動物園線 高幡不動
86%
動物園線 多摩動物公園
86%
京王線 西調布
86%
相模原線 橋本
86%
京王新線 初台
86%
京王線/競馬場線 東府中
86%
井の頭線 駒場東大前
83%
井の頭線 渋谷
83%
井の頭線 下北沢
83%
京王線 多磨霊園
83%
京王線 布田
83%
京王線 上北沢
79%
井の頭線 久我山
79%
井の頭線 神泉
79%
京王線 飛田給
79%
京王新線 幡ヶ谷
79%
競馬場線 府中競馬正門前
79%
相模原線 南大沢
79%
京王線 百草園
79%
高尾線 山田
79%
京王線 芦花公園
79%
相模原線 京王堀之内
76%
京王線 聖蹟桜ヶ丘
76%
京王線 仙川
76%
京王線 つつじヶ丘
76%
京王線 分倍河原
76%
相模原線 稲城
72%
相模原線 京王多摩川
72%
京王線 柴崎
72%
京王線 代田橋
72%
井の頭線 西永福
72%
高尾線 狭間
72%
京王線 八幡山
72%
京王線 平山城址公園
72%
京王線 武蔵野台
72%
高尾線 めじろ台
72%
相模原線 若葉台
72%
井の頭線 新代田
69%
井の頭線 高井戸
69%
相模原線 多摩境
69%
京王線 長沼
69%
井の頭線 浜田山
69%
井の頭線 三鷹台
69%
井の頭線 池ノ上
62%
京王線 中河原
62%
井の頭線 富士見ヶ丘
62%
井の頭線 東松原
59%
京王線 南平
48%
No matching quizzes found
Score Distribution
Percent of People with Each Score
Percentile by Number Answered
Your Score History
You have not taken this quiz